,Heimat’, ,Nation’ und ,Kulturnation’ als Kernbegriffe der baltischen und estnischen ,Denkmalpädagogik" in den 1880er bis 1930er Jahren

Titel: ,Heimat’, ,Nation’ und ,Kulturnation’ als Kernbegriffe der baltischen und estnischen ,Denkmalpädagogik" in den 1880er bis 1930er Jahren / Kristina Jõekalda
Verfasser:
In: Baltische Erzähl- und Lebenswelten, (2023), Seite 271-290
alle Artikel anzeigen
Veröffentlicht: 2023
Umfang: 4 Illustrationen
Format: Aufsatz
Sprache: Deutsch
Schlagworte:
Kein Bild verfügbar
X
alg: 51825991
001A    $03025:14-05-24 
001B    $03025:14-05-24 $t13:57:44.000 
001D    $03025:14-05-24 
001U    $0utf8 
001X    $00 
002@    $0Aou 
002C    $aText $btxt $2rdacontent 
002D    $aohne Hilfsmittel zu benutzen $bn $2rdamedia 
002E    $aBand $bnc $2rdacarrier 
003@    $0518259919 
010@    $ager 
010E    $erda 
011@    $a2023 $n2023 
021A    $a,Heimat’, ,Nation’ und ,Kulturnation’ als Kernbegriffe der baltischen und estnischen ,Denkmalpädagogik" in den 1880er bis 1930er Jahren $hKristina Jõekalda 
028A    $BVerfasser $4aut $71018644288 $8Jõekalda, Kristina$Z1985- [Tp3] $9287005151 
031A    $g20 $h271-290 $j2023 
034M    $a4 Illustrationen 
039B    $aEnthalten in $8--Aau--. Baltische Erzähl- und Lebenswelten. - Berlin : De Gruyter Oldenbourg, 2023. - 484 Seiten. - Illustrationen, Diagramme. - ISBN 978-3-11-138118-3 $x202300000000000729 $9515682160 
044K    $7117688991 $8Pirang, Heinz$Z1876-1936 [Tp1] $9151436282 
044K    $#Dehio, Georg $#Dehio, Georg Gottfried $#Dehio, Georg Gottfried Julius $#Dehio, G. G. $#Dehio, G.G. $#Dehio, G. $#Dehio $#Dehio-Gall $#Dehio, G. G. $711852433X $8Dehio, Georg$Z1850-1932 [Tp1] $9086865420 
044K    $RĖstljandskaja Gubernija $RĖstonskaja SSR $#Estland $#Estland $#Estnische SSR $#Eesti $#Estonskaja SSR $#EV $#Estonia 1918 - 1940, 1991 - $#Republik Estland $#Eesti Vabariik $#Republic of Estonia $#Ėstonskaja Respublika $#Estnische Republik $#Estonia 1918-1940 ; ab 1991 $#Estonia $#Estonie $74015587-0 $8Estland [Tg1] $9085035777 
044K    $REstin $#Estonians $#Estoniens $#Estonios $#Esten $#Este $#Eestlased $74091951-1 $8Esten [Ts1] $9085257540 
044K    $#Baltendeutsche $#Deutsche Baltikum $74011593-8 $8Deutschbalten [Ts1] $9085023647 
044K    $RKulturgüterschutz $RDenkmalpflege $ROrtsbildschutz $#Denkmalschutz $#Denkmalschutzrecht $#Denkmalrecht $74011457-0 $8Denkmalschutz [Ts1] $9085023329 
044K    $RBewusstsein $RNationalismus $RNationenbildung $RPatriotismus $#Nationalism $#Nationalisme $#Nationalbewusstsein $#nationale Identität $#Nationale Identität Nationalbewusstsein $#Nationales Bewusstsein $#Nationalgefühl $#Historische Identität Nationalbewusstsein $74041282-9 $8Nationalbewusstsein [Ts1] $9085112976 
044K    $#Cultural property $#Patrimoine culturel $#Patrimonio cultural $#Kulturerbe $#Kulturelles Erbe $74033560-4 $8Kulturerbe [Ts1] $9085089648 
044K    $RMotiv $#Homeland in literature $74122192-8 $8Heimat$gMotiv [Ts1] $9085398918 
045F    $a709.47980904 $eDDC23BSB 
045F/01 $a709 
045F/03 $f09034 
045F/03 $f0904 
045F/03 $g4798 
045R    $aGeschichte 1880-1939 

lok: 51825991 78

exp: 51825991 78 1 #EPN
201B/01 $014-05-24 $t13:53:29.000 
201C/01 $014-05-24 
201U/01 $0utf8 
203@/01 $0126302114X 
208@/01 $a14-05-24 $be 
209A/01 $a/ $f000 $x00 
209A/01 $ab*p $x01 
220C/01 $akoe 
247C/01 $82080>Marburg/Lahn, Herder-Institut, Forschungsbibliothek, Bibliographieportal $9336309341
LEADER 00000naa a2200000 c 4500
001 518259919
003 DE-603
005 20240514135744.0
007 tu
008 240514s2023 xx |||| | u00||u|ger c
035 |a (DE-599)HEB518259919 
040 |a DE-603  |b ger  |c DE-603  |d DE-603  |e rda 
041 |a ger 
082 0 4 |8 1\u  |a 709.47980904  |q DE-101  |2 23/BSB 
085 |8 1\u  |b 709 
085 |8 1\u  |z 1  |s 09034 
085 |8 1\u  |z 1  |s 0904 
085 |8 1\u  |z 2  |s 4798 
100 1 |a Jõekalda, Kristina  |d 1985-  |e Verfasser  |4 aut  |0 (DE-603)287005151  |0 (DE-588)1018644288  |2 gnd 
245 0 0 |a ,Heimat’, ,Nation’ und ,Kulturnation’ als Kernbegriffe der baltischen und estnischen ,Denkmalpädagogik" in den 1880er bis 1930er Jahren  |c Kristina Jõekalda 
264 0 |c 2023 
300 |b 4 Illustrationen 
336 |a Text  |b txt  |2 rdacontent 
337 |a ohne Hilfsmittel zu benutzen  |b n  |2 rdamedia 
338 |a Band  |b nc  |2 rdacarrier 
600 1 7 |a Pirang, Heinz  |d 1876-1936  |0 (DE-588)117688991  |0 (DE-603)151436282  |2 gnd 
600 1 7 |a Dehio, Georg  |d 1850-1932  |0 (DE-588)11852433X  |0 (DE-603)086865420  |2 gnd 
648 7 |a Geschichte 1880-1939  |2 gnd 
650 7 |a Esten  |0 (DE-588)4091951-1  |0 (DE-603)085257540  |2 gnd 
650 7 |a Deutschbalten  |0 (DE-588)4011593-8  |0 (DE-603)085023647  |2 gnd 
650 7 |a Denkmalschutz  |0 (DE-588)4011457-0  |0 (DE-603)085023329  |2 gnd 
650 7 |a Nationalbewusstsein  |0 (DE-588)4041282-9  |0 (DE-603)085112976  |2 gnd 
650 7 |a Kulturerbe  |0 (DE-588)4033560-4  |0 (DE-603)085089648  |2 gnd 
650 7 |a Heimat  |g Motiv  |0 (DE-588)4122192-8  |0 (DE-603)085398918  |2 gnd 
651 7 |a Estland  |0 (DE-588)4015587-0  |0 (DE-603)085035777  |2 gnd 
773 0 8 |i Enthalten in  |t Baltische Erzähl- und Lebenswelten  |d Berlin : De Gruyter Oldenbourg, 2023  |h 484 Seiten, Illustrationen, Diagramme  |z 9783111381183  |z 3111381188  |g (2023), Seite 271-290  |w (DE-603)515682160 
924 0 |9 2080  |a (DE-603)126302114X  |b DE-2080  |c HES  |d d  |g /